MATHEMATICS FOR CHEMIST (Record no. 9284)
[ view plain ]
| 000 -LEADER | |
|---|---|
| fixed length control field | 00537nam a22001577a 4500 |
| 003 - CONTROL NUMBER IDENTIFIER | |
| control field | SGT |
| 020 ## - INTERNATIONAL STANDARD BOOK NUMBER | |
| International Standard Book Number | 9789351404354 |
| 082 ## - DEWEY DECIMAL CLASSIFICATION NUMBER | |
| Classification number | 540,SIN |
| 100 ## - MAIN ENTRY--PERSONAL NAME | |
| Personal name | SINGH,,BHUPENDER |
| 245 ## - TITLE STATEMENT | |
| Title | MATHEMATICS FOR CHEMIST |
| 260 ## - PUBLICATION, DISTRIBUTION, ETC. (IMPRINT) | |
| Place of publication, distribution, etc | NEW DELHI |
| Name of publisher, distributor, etc | PRAGATI |
| Year of Publication | 2016 |
| 300 ## - PAGE DESCRIPTION | |
| No. of Pages | 518 |
| 650 ## - SUBJECT ADDED ENTRY--TOPICAL TERM | |
| Topical term or geographic name as entry element | CHEMISTRY & ALLIED SCIENCES |
| 653 ## - KEYWORDS--INDEX TERM | |
| Keyword term | MULTIPLE PRODUCTS OF VECTORS,GRADIENT DIVERGENCE AND CURL,GREEN'S, GAUSS' AND STOKES' THEOREMS,DETERMINANT,MATRICES,INVERSE OF AMTRIX,LINEAR EQUATIONS,LIMITS AND CONTINUITY,PARTIAL DIFFERENTION |
| 942 ## - ADDED ENTRY ELEMENTS (KOHA) | |
| Source of classification or shelving scheme | Dewey Decimal Classification |
| Koha item type | FPS Books |
| Withdrawn status | Lost status | Source of classification or shelving scheme | Damaged status | Not for loan | Collection code | Home library | Current library | Shelving location | Date acquired | Vendor Name | Cost, normal purchase price | SGTU | Bill Number | Total Checkouts | Full call number | Accession No. (Barcode) | Date last seen | Bill Date | Koha item type |
|---|---|---|---|---|---|---|---|---|---|---|---|---|---|---|---|---|---|---|---|
| Dewey Decimal Classification | SCIENCE | SGT Science & Social Sciences Library | SGT Science & Social Sciences Library | Text Book | 28/06/2016 | AHUJA BOOK | 320.00 | SGTU | 6769 | 540,SIN | PS1561 | 28/06/2016 | 19/03/2016 | FPS Books | |||||
| Dewey Decimal Classification | Not For Loan | SCIENCE | SGT Science & Social Sciences Library | SGT Science & Social Sciences Library | Reference Book | 28/06/2016 | AHUJA BOOK | 320.00 | SGTU | 6769 | 540,SIN | PS1562 | 28/06/2016 | 19/03/2016 | FPS Books |